Epidemiología critica (Registro nro. 3732)

Detalles MARC
000 -CABECERA
campo de control de longitud fija 00755nam a2200289 i 4500
001 - NÚMERO DE CONTROL
campo de control Rebiun07608584
003 - IDENTIFICADOR DEL NÚMERO DE CONTROL
campo de control AR-RoIUNI
005 - FECHA Y HORA DE LA ÚLTIMA TRANSACCIÓN
campo de control 20241122062812.0
007 - CAMPO FIJO DE DESCRIPCIÓN FÍSICA--INFORMACIÓN GENERAL
campo de control de longitud fija zu
008 - DATOS DE LONGITUD FIJA--INFORMACIÓN GENERAL
campo de control de longitud fija 101112s2003 ag b 00010 spa d
020 ## - NÚMERO INTERNACIONAL ESTÁNDAR DEL LIBRO
Número Internacional Estándar del Libro 9789508921475
040 ## - FUENTE DE LA CATALOGACIÓN
Centro catalogador/agencia de origen UPNA
Centro/agencia transcriptor AR-RoIUNI
080 ## - NÚMERO DE LA CLASIFICACIÓN DECIMAL UNIVERSAL
Número de la Clasificación Decimal Universal 616-36 BRE
084 ## - OTRO NÚMERO DE CLASIFICACIÓN
Número de clasificación I933
084 ## - OTRO NÚMERO DE CLASIFICACIÓN
Número de clasificación Z912
100 1# - ENTRADA PRINCIPAL--NOMBRE DE PERSONA
Nombre de persona Breilh, Jaime.
9 (RLIN) 62
245 10 - MENCIÓN DE TÍTULO
Título Epidemiología critica
Resto del título ciencia emancipadora e interculturalidad
Mención de responsabilidad, etc. Jaime Breilh.
260 ## - PUBLICACIÓN, DISTRIBUCIÓN, ETC. (PIE DE IMPRENTA)
Lugar de publicación, distribución, etc. Buenos Aires :
Nombre del editor, distribuidor, etc. Lugar,
Fecha de publicación, distribución, etc. [2003]
300 ## - DESCRIPCIÓN FÍSICA
Extensión 317 p.
490 1# - MENCIÓN DE SERIE
Mención de serie Salud colectiva
Designación de volumen o secuencia 18
650 10 - PUNTO DE ACCESO ADICIONAL DE MATERIA--TÉRMINO DE MATERIA
Término de materia o nombre geográfico como elemento inicial Epidemiología
9 (RLIN) 64
650 10 - PUNTO DE ACCESO ADICIONAL DE MATERIA--TÉRMINO DE MATERIA
Término de materia o nombre geográfico como elemento inicial Enfermería
9 (RLIN) 86
650 14 - PUNTO DE ACCESO ADICIONAL DE MATERIA--TÉRMINO DE MATERIA
Término de materia o nombre geográfico como elemento inicial Medicina social
650 10 - PUNTO DE ACCESO ADICIONAL DE MATERIA--TÉRMINO DE MATERIA
Término de materia o nombre geográfico como elemento inicial Medicina
9 (RLIN) 58
650 10 - PUNTO DE ACCESO ADICIONAL DE MATERIA--TÉRMINO DE MATERIA
Término de materia o nombre geográfico como elemento inicial Medicina interna
9 (RLIN) 218
942 ## - ELEMENTOS DE PUNTO DE ACCESO ADICIONAL (KOHA)
Fuente del sistema de clasificación o colocación Clasificación Decimal Universal
Tipo de ítem Koha Libros
Existencias
Estado de retiro Estado de pérdida Fuente del sistema de clasificación o colocación Estado dañado Restricciones de uso Excepción de préstamo Código de colección Localización permanente Ubicación/localización actual Ubicación en estantería Fecha de adquisición Número de inventario Total de préstamos Signatura topográfica completa Código de barras Fecha visto por última vez Precio válido a partir de Tipo de ítem Koha
    Clasificación Decimal Universal   Consulta en biblioteca   Enfermería BIBLIOTECA RIOBAMBA BIBLIOTECA RIOBAMBA BIBLIOTECA RIOBAMBA 06/08/2021 3874   614 BRE 3874c 19/03/2018 19/03/2018 Libros
    Clasificación Decimal Universal       Humanistica BIBLIOTECA CENTRAL BIBLIOTECA CENTRAL BIBLIOTECA CENTRAL 25/10/2018 4375   616-36 BRE 4375c 25/10/2018 25/10/2018 Libros
    Clasificación Decimal Universal       Humanistica BIBLIOTECA CENTRAL BIBLIOTECA CENTRAL BIBLIOTECA CENTRAL 04/05/2021 6910   616-36 BRE 6910 04/05/2021 04/05/2021 Libros
    Clasificación Decimal Universal         BIBLIOTECA SANTA FE BIBLIOTECA SANTA FE BIBLIOTECA SANTA FE 27/02/2019 4988   616-36 BRE 4988c 27/02/2019 27/02/2019 Libros